Protección de datos personales en las redes sociales digitales : en particular de niños y adolescentes. Memorándum de Montevideo /

Guardado en:
Autor Principal: Gregorio, Carlos G., (comp.)
Otros Autores: Ornelas, Lina, (comp.)
Formato: Libro
Idioma:Spanish
Publicado: México : Instituto de Investigación para la Justicia, 2011.
Edición:1a. ed.
Materias:
Etiquetas: Agregar Etiqueta
Sin Etiquetas, Sea el primero en etiquetar este registro!
LEADER 00730nam a22001815a 4500
001 DER.der011241
008 180615s2011####mx#||||||||||||||#||spa||
005 20250630154627.0
245 1 0 |a Protección de datos personales en las redes sociales digitales :  |b en particular de niños y adolescentes. Memorándum de Montevideo /  |c compilado por Carlos G. Gregorio, Lina Ornelas. 
250 |a 1a. ed. 
260 |a México :  |b Instituto de Investigación para la Justicia,  |c 2011. 
300 |a 283 p. 
020 |a 9789685954594 
100 1 |a Gregorio, Carlos G.,  |e comp. 
700 1 |a Ornelas, Lina,  |e comp. 
650 7 |a DERECHOS HUMANOS 
859 |a DERECHO  |b BIB. DERECHO  |h 346.013  |i GRE  |p 006627 
859 |a DERECHO  |b BIB. DERECHO  |h 346.013  |i PRO  |p 0010627  |t 1